[Event "Portugal Open 2019"]
[Site "Lisbon"]
[Date "2019.02.03"]
[Round "2"]
[White "Hill, Alistair"]
[Black "Thorhallsson, Throstur"]
[Result "1/2-1/2"]
[WhiteElo "2152"]
[BlackElo "2425"]
[Annotator "TA"]
[PlyCount "105"]
[EventDate "2019.01.25"]
[EventType "swiss"]
[EventCountry "POR"]
[SourceTitle "playchess.com"]
[Source "ChessBase"]
[SourceQuality "1"]

{[%evp 16,105,45,0,0,0,0,0,0,-5,20,0,10,-9,25,17,58,89,91,70,47,25,86,40,49,52,150,133,153,158,161,160,176,172,174,72,83,95,106,49,201,79,80,81,83,81,80,81,86,8,63,71,136,114,168,168,169,174,174,174,247,19,33,19,19,25,154,148,131,19,122,0,0,0,0,0,0,0,0,0,0,0,0,0,0,0,0,0,0,0,0,0]} 1. Nf3 $146 ({Predecessor:} 1. e4 c5 {1-0 (20) Mamedov,R (2313)-Guseinov,V Baku 2001}) 1... c5 2. e4 Nc6 3. Bb5 e6 4. O-O Nge7 5. Re1 a6 6. Bf1 d5 7. exd5 Nxd5 8. d4 Be7 ({Predecessor:} 8... cxd4 9. Nxd4 Be7 {1-0 (20) Mamedov,R (2313)-Guseinov,V Baku 2001}) 9. a3 cxd4 {B30: Sicilian: 2...Nc6 3 Bb5, lines without ...g6} 10. Nxd4 Nxd4 ({Predecessor:} 10... O-O 11. c4 Nxd4 12. Qxd4 Bf6 {1-0 (20) Mamedov,R (2313)-Guseinov,V Baku 2001}) 11. Qxd4 Bf6 12. Qe4 O-O 13. c4 Ne7 14. Nc3 Qa5 ({Predecessor:} 14... Ng6 15. Qf3 Qc7 16. Ne4 Be5 17. Qh5 b6 18. Bd3 Rd8 19. Bb1 f6 20. Ng3 {1-0 (20) Mamedov,R (2313)-Guseinov,V Baku 2001}) 15. Bd2 $40 {[%mdl 128] White is up to no good.} Nf5 16. Rad1 Qb6 17. Bd3 Bd7 18. b4 g6 (18... Bc6 $11 {remains equal.} 19. Nd5 Qd8 {[%mdl 64] Pin}) 19. Qf3 {Black must now prevent g4.} Bc6 20. Be4 Bxe4 (20... Bg7 $14) 21. Nxe4 $16 Bg7 22. Bc3 {Threatens to win with g4.} e5 23. Nc5 Rfc8 24. Bxe5 Qc6 25. Bxg7 (25. Qxc6 $18 Rxc6 26. Bxg7 Nxg7 27. Re7) 25... Qxf3 26. gxf3 Kxg7 27. Nxb7 (27. Rd7 $16) 27... Nh4 $2 (27... Rxc4 $14 28. Nd6 Nxd6 29. Rxd6 Rf4) 28. Re7 (28. Re4 $18 {and White stays clearly on top.} Nxf3+ 29. Kg2) 28... Rxc4 29. Rxf7+ {[%mdl 64] Decoy} Kxf7 30. Nd6+ {[%mdl 64] Double Attack} Ke6 31. Nxc4 {[%mdl 4096] Endgame KRN-KRN} Rc8 32. Nb2 ({White should play} 32. Re1+ $16 Kf6 33. Re4 Nxf3+ 34. Kg2 Ne1+ 35. Rxe1 Rxc4 36. Re8) 32... Rc2 (32... Rc3 $11) 33. Nd3 $14 Ra2 (33... Nxf3+ $142 34. Kg2 Nh4+ 35. Kf1 Nf3) 34. a4 $16 Kf5 {[#]} (34... Nxf3+ $16 {was worth a try.} 35. Kg2 Nh4+ 36. Kf1 Nf3) 35. b5 $1 $18 {[%cal Rb5b6]} axb5 36. axb5 Ra3 37. Nc5 {And now b6 would win.} Rc3 (37... Ra5 {is a better defense.} 38. Rd5+ Kf4) 38. Nd7 $2 (38. Rd5+ $18 Kf4 39. Nd3+ Kxf3 40. Rd4) 38... Rb3 39. b6 Nxf3+ 40. Kg2 {Threatening Rd6.} Nh4+ (40... Ne5 $11) 41. Kf1 $16 Nf3 {[#]} 42. h3 ({Better is} 42. Rd6 $1 $16) 42... Ng5 (42... Ne5 $11) 43. Rd5+ (43. Ra1 $16 {Ra7 is the strong threat.} Nf7 44. Re1) 43... Ke6 $11 {The position is equal.} 44. Nc5+ Kxd5 45. Nxb3 {Strongly threatening b7. KN-KN} Kc6 46. Kg2 Kxb6 47. f4 Ne6 48. Kf3 Kc6 49. Ke4 Kd6 50. h4 Ke7 51. f5 Ng7 52. fxg6 hxg6 53. Nd4 {Accuracy: White = 38%, Black = 41%.} 1/2-1/2

[Event "Portugal Open 2019"]
[Site "Lisbon"]
[Date "2019.02.03"]
[Round "2"]
[White "Perez Garcia, Roberto"]
[Black "Alshameary Puente, Ismael"]
[Result "0-1"]
[WhiteElo "2141"]
[BlackElo "2418"]
[Annotator "TA"]
[PlyCount "115"]
[EventDate "2019.01.25"]
[EventType "swiss"]
[EventCountry "POR"]
[SourceTitle "playchess.com"]
[Source "ChessBase"]
[SourceQuality "1"]

{[%evp 13,115,31,33,27,27,26,37,31,40,30,26,35,26,20,20,12,8,22,23,0,0,0,0,-67,-52,-72,-66,-92,-62,-70,-47,-52,-43,-79,-79,-88,-86,-129,-136,-148,-161,-157,-164,-153,-165,-187,-188,-193,-158,-216,-198,-195,-115,-116,-107,-125,-122,-123,-81,-81,-81,-43,-26,-79,-56,-56,-56,-56,-57,-50,-51,-42,-26,-34,-31,-29,-27,-56,-35,-158,-164,-290,-265,-399,-396,-29957,-7680,-29967,-29969,-29967,-29969,-12810,-12814,-12807,-12821,-11940,-9735,-8742,-11120,-6521,-5073,-5136,-4610,-1125]} 1. d4 Nf6 2. Nf3 ({Predecessor:} 2. c4 c5 3. d5 b5 4. cxb5 a6 5. b6 d6 6. Nc3 Nbd7 7. a4 Qxb6 8. Nf3 Qb4 9. a5 {1-0 (39) Schubert,T (2295)-Muschik,B Germany 1998}) 2... c5 3. d5 b5 $146 (3... d6 4. c4 b5 5. cxb5 a6 6. b6 Nbd7 7. Nc3 {0-1 (49) Kamsky,G (2721)-Ponomariov,R (2731) Beijing 2013}) 4. c4 g6 5. cxb5 a6 6. b6 d6 7. Nc3 Nbd7 8. a4 {A57: Benko/Volga Gambit} (8. e4 Bg7 9. Bd3 O-O 10. O-O Nxb6 11. h3 Ne8 12. Re1 Nc7 13. Bg5 f6 14. Bf4 Bd7 15. Qd2 a5 16. Rad1 a4 {0-1 (49) Kamsky,G (2721)-Ponomariov,R (2731) Beijing 2013}) 8... Qxb6 9. a5 Qb4 10. Ra4 {White is slightly better.} Qb7 11. e4 Bg7 12. Be2 O-O 13. O-O Ne8 14. Nd2 Nc7 15. Nc4 Nb5 16. Bd2 Rb8 17. Re1 Nd4 18. Qc1 (18. Ra3 $11) 18... Nxe2+ 19. Rxe2 Qb3 20. Qd1 Bd4 21. h3 Rb4 22. Qxb3 Rxb3 23. Ra2 Ne5 24. Nxe5 Bxe5 25. f4 Bd4+ 26. Kh2 Bd7 27. e5 Rfb8 28. Be1 Bf5 29. exd6 exd6 30. Bh4 {intending Be7.} f6 31. Ne4 (31. Nd1 $17) 31... Bxe4 $1 $19 (31... Bxb2 32. Nxf6+ Bxf6 33. Bxf6 $15) (31... Rxb2 32. Nxf6+ Bxf6 33. Bxf6 $17) 32. Rxe4 g5 ({Don't do} 32... Rxb2 33. Rxb2 Bxb2 34. Re6 $15) (32... Kf7 $19 33. Re6 Rd8) 33. Bg3 $17 gxf4 $1 (33... Bxb2 $6 34. Re6 $11) (33... Rxb2 $6 34. Rxb2 Bxb2 35. fxg5 $11) 34. Bxf4 Be5 ({But not} 34... Rxb2 $6 35. Rxb2 Bxb2 36. Bxd6 $11) 35. Bxe5 dxe5 {[%mdl 4096] Endgame KRR-KRR} 36. Rc4 R8b5 37. Ra1 Rxb2 {Hoping for ...Rd2.} 38. Rf1 (38. Rd1 $11) 38... Kf7 ({Much worse is} 38... Rxa5 39. Rxf6 h5 40. Rf5 $11) 39. Rh4 Rxa5 {...Raa2 is the strong threat.} 40. Rh6 $1 Rb6 {aiming for ...Kg7.} 41. Rxh7+ Kg6 42. Rc7 Rd6 43. h4 c4 44. Rxc4 Raxd5 45. Rg4+ Kf7 46. Rg5 ({White should play} 46. g3 $15) 46... a5 47. h5 {[#]} (47. Rh5 {was necessary.}) 47... e4 $1 $19 48. Rxd5 (48. Rg3 $142) 48... Rxd5 {KR-KR} 49. g4 $2 {[#]} (49. Kg3 $19 Rxh5 50. Kf4) 49... e3 $1 {[%cal Re3e2]} 50. Kg3 e2 51. Re1 Re5 52. Kf4 a4 {Black is clearly winning.} 53. g5 Rxg5 54. Rxe2 Rxh5 55. Re3 Ra5 56. Ra3 Ke6 57. Ke4 Ra8 58. Kd4 {Accuracy: White = 47%, Black = 81%.} 0-1

[Event "Portugal Open 2019"]
[Site "Lisbon"]
[Date "2019.02.03"]
[Round "2"]
[White "Lisowski, Krzysztof"]
[Black "Haug, Johannes"]
[Result "0-1"]
[WhiteElo "2135"]
[BlackElo "2403"]
[Annotator "TA"]
[PlyCount "76"]
[EventDate "2019.01.25"]
[EventType "swiss"]
[EventCountry "POR"]
[SourceTitle "playchess.com"]
[Source "ChessBase"]
[SourceQuality "1"]

{[%evp 11,76,2,5,0,21,-80,-80,-72,-76,-83,-86,-84,-85,-145,-146,-178,108,-184,-180,-173,-184,-184,-187,-182,-182,-182,-185,-181,-173,-188,-176,-162,-166,-174,-154,-143,-139,-170,-167,-188,-183,-256,-263,-305,-316,-357,-357,-354,-353,-349,-347,-426,-395,-578,-552,-609,-424,-364,-395,-2064,-1797,-5599,-1491,-5097,-5028,-29989,-29990]} 1. e4 e5 2. Nf3 Nc6 3. Bc4 Bc5 4. c3 Nf6 5. d4 exd4 6. e5 d5 7. Be2 {C54: Giuoco Piano: 4 c3 Nf6, main lines with 5 d4 and 5 d3} d3 (7... Ne4 $5 {[%cal Rd4d3]} 8. cxd4 Bb6 $11) 8. Bxd3 $146 (8. exf6 $11 dxe2 9. Qxe2+ Kf8 10. fxg7+ Kxg7 11. O-O) ({Predecessor:} 8. exf6 dxe2 9. Qxe2+ Be6 10. b4 Bd6 11. b5 Na5 12. fxg7 Rg8 13. Bg5 Be7 14. Bxe7 Qxe7 {1-0 (58) Aronian,L (2765)-Harikrishna,P (2729) Kolkata 2018}) 8... Ng4 $17 9. O-O {Black is better.} Ncxe5 10. Nxe5 Nxe5 11. Re1 Qf6 $36 {[%mdl 2048] White is under strong pressure.} 12. Qe2 (12. Be3 $142 Bxe3 13. Rxe3) 12... O-O $1 13. Qxe5 Qxf2+ 14. Kh1 {[#] Hoping for Rf1.} Bh3 $1 {[%csl Gf2][%cal Rh3g2]} 15. Qg3 {[#]} Bxg2+ $1 {[%mdl 512]} 16. Qxg2 Qxe1+ {[%mdl 64] Double Attack} 17. Qf1 Rae8 18. Bd2 Qxf1+ 19. Bxf1 Be3 20. Kg2 f5 21. Bxe3 Rxe3 22. Kf2 f4 23. Na3 g5 24. Nc2 Re5 25. Rd1 Kg7 26. Nd4 {[#]} (26. Be2 $142) 26... g4 $1 $19 27. Ne2 Kg6 28. Rd4 Kg5 29. c4 h5 30. cxd5 h4 31. d6 cxd6 32. Rxd6 (32. Ng1 $142 Rc8 33. Bc4) 32... g3+ 33. hxg3 hxg3+ 34. Kg1 {[#]} g2 $1 {[%mdl 576] Strongly threatening ...f3. Deflection} 35. Bxg2 $2 (35. Nd4 gxf1=Q+ 36. Kxf1) 35... Rxe2 36. Bxb7 f3 {( -> ...f2+)} 37. Kf1 Rxb2 {[%mdl 64] Double Attack} 38. Rd1 Rxb7 {Accuracy: White = 40%, Black = 90%.} 0-1

[Event "Portugal Open 2019"]
[Site "Lisbon"]
[Date "2019.02.03"]
[Round "2"]
[White "Dias, Ricardo Pedro Cruz"]
[Black "Kaasen, Tor Fredrik"]
[Result "0-1"]
[WhiteElo "2128"]
[BlackElo "2387"]
[Annotator "TA"]
[PlyCount "104"]
[EventDate "2019.01.25"]
[EventType "swiss"]
[EventCountry "POR"]
[SourceTitle "playchess.com"]
[Source "ChessBase"]
[SourceQuality "1"]

{[%evp 22,104,6,0,58,-14,0,-82,-82,-108,-107,-169,-163,-176,-183,-218,-220,-213,-221,-204,-225,-227,-220,-225,-222,-202,-183,-438,-34,-34,75,0,0,0,0,0,0,0,0,0,0,-27,-27,-35,-27,-27,-27,-39,-18,-116,-117,-130,-117,-116,-117,-235,-231,-583,-581,-521,-518,-575,-656,-778,-738,-624,-457,-530,-265,-278,-256,-1727,-1629,-6199,-6275,-6275,-5193,-29989,-29990,-29990,-29991,-29992,-2175,-29988,-29989]} 1. e4 c5 2. Nf3 d6 3. d4 cxd4 4. Nxd4 Nf6 5. Nc3 a6 6. Bc4 e6 7. Bb3 Nbd7 8. f4 Nc5 9. O-O Be7 10. e5 dxe5 {B86: Sicilian Scheveningen/Najdorf: 6 Bc4, without early ...b5} 11. fxe5 Nfd7 (11... Nxb3 12. axb3 Bc5 13. Be3 Nd5 14. Bf2 Nxc3 15. bxc3 O-O 16. Qh5 Qe8 17. Nf3 Be7 18. Bh4 f6 19. Qxe8 Rxe8 20. exf6 gxf6 {1-0 (56) Kriebel,T (2488)-Steinberg,N (2535) Novy Bor 2018}) 12. Qh5 {[%csl Gf1][%cal Rh5f7] LiveBook: 22 Games} O-O (12... Nf6 $11 13. exf6 Qxd4+ 14. Kh1 gxf6) 13. Nf3 (13. Rf3 $1 $14) 13... Qc7 $146 ({Predecessor:} 13... b5 14. Be3 Bb7 15. Rad1 Qc7 16. Ng5 Bxg5 17. Qxg5 Nxb3 18. axb3 Nxe5 {½-½ (32) Ottens,S-Sukharisingh,R Bad Godesberg 1991}) 14. Re1 (14. Kh1 $11 {keeps the balance.}) 14... b5 $17 15. Bf4 Bb7 16. Nd2 (16. Rad1 $17) 16... Rfd8 $19 17. Rad1 Nxb3 18. cxb3 Nc5 $1 {[%cal Rc5d3] Hoping for ...Nd3.} 19. Re2 Nd3 20. Rf1 b4 21. Nce4 Bxe4 22. Nxe4 Nxf4 23. Rxf4 Rd1+ 24. Kf2 $2 (24. Rf1 {was the only chance.} Bc5+ 25. Nf2) 24... g6 $2 (24... f5 $19 25. g3 fxe4) 25. Qh6 $15 Rd3 (25... Qxe5 $15 26. Nf6+ Qxf6 27. Rxf6 Bxf6) 26. g3 (26. Nf6+ $16 Bxf6 27. exf6 Qc5+ 28. Kf1) 26... a5 $11 (26... Qxe5 $5 27. Nf6+ $8 Qxf6 28. Rxf6 Bxf6 $11) 27. Nf6+ Bxf6 $1 28. exf6 {[%csl Gf6][%cal Rh6g7]} Qc5+ 29. Kg2 {[%csl Gf6][%cal Rh6g7]} Qf8 $36 {[%mdl 2048] Black fights for an advantage.} 30. Qxf8+ Rxf8 {[%mdl 4096] Endgame KRR-KRR} 31. Rc4 Rd5 32. Rc7 h5 33. h4 Rfd8 34. Rec2 Rf5 35. Rc8 (35. Ra7 $11) 35... Rxc8 $1 $17 36. Rxc8+ {KR-KR} Kh7 37. Ra8 {[#]} g5 $1 38. g4 (38. hxg5 $17 Rxg5 39. Kf3) 38... hxg4 $19 39. h5 $2 (39. Kg3) 39... Rxf6 40. Rxa5 Kh6 41. Rb5 Rf4 42. a4 Rd4 43. a5 Rd2+ 44. Kg1 Kxh5 {And now ...Rd1+ would win.} 45. Rxb4 {[#] aiming for a6.} Kh4 $1 {[%cal Rh4h3]} ({Worse is} 45... Rxb2 46. a6 $11) 46. a6 $2 (46. Ra4 Kg3 47. Ra1) 46... Kh3 {( -> ...g3)} ({Not} 46... Kg3 47. Kf1 $15) 47. Rb8 Rd1+ 48. Kf2 g3+ {[%cal Bg4g3,Bg3g2][%mdl 32]} 49. Kf3 Rf1+ 50. Ke2 g2 51. a7 Ra1 (51... g1=Q $142 52. Rh8+ Kg3 53. Rh2 Qxh2+ 54. Kd3 Rc1 55. a8=Q Qc2+ 56. Ke3 Re1+ 57. Kd4 Rd1+ 58. Ke5 Qf5#) 52. Kf3 g4+ {Precision: White = 23%, Black = 63%.} 0-1

[Event "Portugal Open 2019"]
[Site "Lisbon"]
[Date "2019.02.03"]
[Round "2"]
[White "Terryn, Ezra"]
[Black "Miedema, David"]
[Result "1-0"]
[WhiteElo "2116"]
[BlackElo "2356"]
[Annotator "TA"]
[PlyCount "79"]
[EventDate "2019.01.25"]
[EventType "swiss"]
[EventCountry "POR"]
[SourceTitle "playchess.com"]
[Source "ChessBase"]
[SourceQuality "1"]

{[%evp 14,79,-35,-45,-8,-53,0,0,-4,-51,-48,-243,-258,-263,-167,-254,-215,-339,-315,-323,-285,-304,-293,-314,-254,-232,-25,-221,0,-33,0,0,0,0,416,406,617,610,671,662,664,376,360,331,388,358,439,458,448,442,422,421,912,912,912,910,904,904,900,891,885,835,999,974,965,956,1039,890]} 1. e4 c5 2. d4 cxd4 3. c3 dxc3 4. Nxc3 e6 $146 (4... Nc6 5. Nf3 {0-1 (45) Cuartas,J (2492)-Bachmann,A (2653) Medellin 2017}) ({Predecessor:} 4... Nc6 5. Nf3 {0-1 (56) Perov,G (2159)-Palachev,P (2405) Voronezh 2018}) 5. Nf3 Nc6 6. Bc4 a6 7. O-O b5 (7... Nge7 8. Bg5 f6 9. Be3 b5 {0-1 (45) Cuartas,J (2492)-Bachmann,A (2653) Medellin 2017}) 8. Bb3 Nge7 {B21: Sicilian: 2 f4 and Morra Gambit} ({Predecessor:} 8... Bb7 9. Re1 Nge7 10. Bg5 f6 {0-1 (56) Perov,G (2159)-Palachev,P (2405) Voronezh 2018}) 9. Bg5 f6 10. Be3 Bb7 {The position is equal.} (10... Na5 11. Bc2 Ng6 12. h4 Be7 13. h5 Ne5 14. Nxe5 fxe5 15. Qf3 Nc4 16. Bc1 Bb7 17. a4 {0-1 (45) Cuartas,J (2492)-Bachmann,A (2653) Medellin 2017}) 11. Re1 Na5 12. Nd5 $2 (12. Nd4 $15) ({Predecessor:} 12. Bd5 exd5 13. exd5 Kf7 14. Nh4 d6 15. b4 Nc4 16. Bd4 Qd7 {0-1 (56) Perov,G (2159)-Palachev,P (2405) Voronezh 2018}) 12... exd5 $19 13. Bxd5 Qb8 14. Nd4 (14. Bxb7 $142 Qxb7 15. e5) 14... Nc4 15. Nf5 (15. Bf4 $142 Ne5 16. Bxb7 Qxb7 17. Bxe5 fxe5 18. Qh5+ Ng6 19. Nf5) 15... Bxd5 ({Weaker is} 15... Nxb2 16. Nd6+ Qxd6 17. Bf7+ $1 {[%mdl 512]} Kxf7 18. Qxd6 $17) 16. exd5 {Black should prevent d6.} Nxf5 17. Ba7+ {[#]} Qe5 $1 18. Rxe5+ Nxe5 19. f4 Ng6 $2 ({Black should try} 19... Rxa7 $19 20. fxe5 fxe5) 20. g4 $2 {[#]} (20. Bf2 $11 {and White is okay.}) 20... Rxa7 $2 (20... Nd6 $1 $19 21. Qf3 Be7) 21. gxf5 $15 Bc5+ 22. Kh1 Ne7 {And now ...d6 would win.} 23. d6 $1 {[%cal Rd6e7]} Nc8 $2 {[%mdl 8192]} ({But not} 23... Nxf5 $2 24. Qc2 $16) (23... Nc6 $11 {and Black stays safe.}) 24. Rc1 $18 Nxd6 (24... O-O $142 25. Qd5+ Kh8) 25. Rxc5 Ke7 26. Rc2 Nc8 27. Re2+ Kd8 28. Qd2 a5 29. Qc3 b4 30. Qc5 {White is clearly winning.} d6 31. Qb5 Rf8 32. Rc2 Rff7 {[#]} (32... Rc7 $142) 33. Rxc8+ $1 {[%mdl 576] Deflection} Kxc8 {[%mdl 4096] Endgame KQ-KRR} 34. Qe8+ Kb7 35. Qxf7+ {[%mdl 64] Double Attack} Kb6 36. Qd5 Rd7 37. Kg2 h6 38. Kf3 a4 39. h4 h5 40. Qe6 {Accuracy: White = 41%, Black = 39%.} 1-0

[Event "Portugal Open 2019"]
[Site "Lisbon"]
[Date "2019.02.03"]
[Round "2"]
[White "Pirola, Claudionor Alcides "]
[Black "Aguera Naredo, Javier"]
[Result "1/2-1/2"]
[WhiteElo "2113"]
[BlackElo "2346"]
[Annotator "TA"]
[PlyCount "59"]
[EventDate "2019.01.25"]
[EventType "swiss"]
[EventCountry "POR"]
[SourceTitle "playchess.com"]
[Source "ChessBase"]
[SourceQuality "1"]

{[%evp 9,59,-9,14,-22,-16,-25,-8,-12,31,39,46,7,1,0,25,19,37,29,36,38,77,60,75,97,121,108,123,97,119,107,136,135,135,131,142,142,143,132,132,129,133,134,121,0,75,0,114,0,71,0,123,97]} 1. e4 c5 2. d3 $146 ({Predecessor:} 2. Be2 Nc6 3. f4 d5 {½-½ (27) Souleidis,G (2419)-Jakubowski,K (2563) Porto Mannu 2016}) 2... Nc6 3. f4 d5 4. Be2 Nf6 5. e5 Nd7 6. c4 {B21: Sicilian: 2 f4 and Morra Gambit} ({Predecessor:} 6. c3 e6 7. Nf3 Be7 8. d4 Qb6 9. O-O f5 10. b3 a5 11. Be3 cxd4 12. cxd4 {½-½ (27) Souleidis,G (2419)-Jakubowski,K (2563) Porto Mannu 2016}) 6... Nb6 7. b3 dxc4 8. dxc4 {The position is equal.} Qd4 9. Qxd4 Nxd4 10. Bd1 Bf5 11. Na3 Be4 12. Kf2 g5 13. Nf3 Bxf3 14. Bxf3 Nxf3 15. gxf3 Bg7 16. Nb5 {Hoping for Nc7+.} Kd7 17. Bb2 {Black must now prevent e6+!} Kc6 18. fxg5 a6 19. Na3 h6 20. h4 Rad8 {And now ...Rd2+ would win.} 21. Ke2 $1 Nc8 22. Nc2 e6 23. Ne3 Ne7 {[#]} 24. f4 $1 Ng6 {[#]} 25. Ng2 $1 Ne7 26. Ne3 Ng6 $1 {[%cal Rg6f4]} 27. Ng2 Ne7 $1 28. Ne3 Ng6 $1 {[%cal Rg6f4]} 29. Ng2 (29. Kf3 $142) 29... Ne7 $1 $16 30. Rad1 {Accuracy: White = 70%, Black = 65%.} 1/2-1/2

[Event "Portugal Open 2019"]
[Site "Lisbon"]
[Date "2019.02.03"]
[Round "2"]
[White "Bertola, Georges"]
[Black "Pastar, Slaven"]
[Result "0-1"]
[WhiteElo "2101"]
[BlackElo "2330"]
[Annotator "RC"]
[PlyCount "78"]
[EventDate "2019.01.25"]
[EventType "swiss"]
[EventCountry "POR"]
[SourceTitle "playchess.com"]
[Source "ChessBase"]
[SourceQuality "1"]
[TimeControl "5400+30"]

1. e4 {[%emt 0:01:37]} c5 {[%emt 0:00:00]} 2. Nf3 {[%emt 0:01:35]} e6 {[%emt 0:00:00]} 3. g3 {[%emt 0:00:26]} Nc6 {[%emt 0:00:08]} 4. Bg2 {[%emt 0:00:16]} Nf6 {[%emt 0:00:35]} 5. Nc3 {[%emt 0:01:08]} d5 {[%emt 0:00:14]} 6. exd5 {[%emt 0:00:31]} exd5 {[%emt 0:00:32]} 7. O-O {[%emt 0:02:04]} Be7 {[%emt 0:00:11]} 8. d4 {[%emt 0:05:41]} cxd4 {[%emt 0:01:54]} 9. Nxd4 {[%emt 0:00:25]} O-O {[%emt 0:00:25]} 10. h3 {[%emt 0:08:34]} h6 {[%emt 0:00:21]} 11. Be3 {[%emt 0:03:10]} Re8 {[%emt 0:02:38]} 12. Re1 {[%emt 0:08:25]} Bb4 {[%emt 0:02:35]} 13. a3 {[%emt 0:13:38]} Ba5 {[%emt 0:01:53]} 14. b4 {[%emt 0:03:53]} Bb6 {[%emt 0:02:31]} 15. Nxc6 {[%emt 0:07:53]} bxc6 {[%emt 0:00:15]} 16. Bxb6 {[%emt 0:00:40]} Rxe1+ {[%emt 0:02:15]} 17. Qxe1 {[%emt 0:00:12]} axb6 {[%emt 0:00:39]} 18. b5 {[%emt 0:10:56]} cxb5 {[%emt 0:01:54]} 19. Nxb5 {[%emt 0:02:18]} Ra5 {[%emt 0:02:18]} 20. Nd4 {[%emt 0:08:44]} Qd6 {[%emt 0:02:02]} 21. Qc3 {[%emt 0:00:59]} Bd7 {[%emt 0:01:54]} 22. Qb2 {[%emt 0:03:41]} Ra4 {[%emt 0:03:14]} 23. Rb1 {[%emt 0:04:34]} Qc5 {[%emt 0:00:47]} 24. c3 {[%emt 0:01:14]} Rxa3 {[%emt 0:08:05]} 25. Qxb6 {[%emt 0:00:37]} Qxc3 {[%emt 0:06:21]} 26. Nb5 {[%emt 0:02:57]} Bxb5 {[%emt 0:00:31]} 27. Qxb5 {[%emt 0:00:07]} Ra1 {[%emt 0:02:21]} 28. Rxa1 {[%emt 0:03:22]} Qxa1+ {[%emt 0:00:03]} 29. Kh2 {[%emt 0:00:00]} Qd4 {[%emt 0:01:09]} 30. Kg1 {[%emt 0:00:35]} g6 {[%emt 0:00:29]} 31. Bf3 {[%emt 0:00:56]} Kg7 {[%emt 0:00:44]} 32. Kg2 {[%emt 0:00:43]} Qc4 {[%emt 0:03:32]} 33. Qb1 {[%emt 0:02:58]} d4 {[%emt 0:00:53]} 34. Qd1 {[%emt 0:00:39]} d3 {[%emt 0:00:52]} 35. Qa1 {[%emt 0:01:01]} d2 {[%emt 0:00:58]} 36. Qe5 {[%emt 0:00:13]} Qd3 {[%emt 0:00:57]} 37. Qa1 {[%emt 0:00:44]} g5 {[%emt 0:01:23]} 38. Qf1 {[%emt 0:00:15]} Qd4 {[%emt 0:00:34]} 39. Qd1 {[%emt 0:01:13]} Nd7 {[%emt 0:01:48]} 0-1

[Event "Portugal Open 2019"]
[Site "Lisbon"]
[Date "2019.02.03"]
[Round "2"]
[White "Sousa, Hugo Carneiro"]
[Black "Fus, Jakub"]
[Result "0-1"]
[WhiteElo "2097"]
[BlackElo "2326"]
[Annotator "NA RC"]
[PlyCount "64"]
[EventDate "2019.01.25"]
[EventType "swiss"]
[EventCountry "POR"]
[SourceTitle "playchess.com"]
[Source "ChessBase"]
[SourceQuality "1"]
[TimeControl "5400+30"]

1. e4 {[%emt 0:00:00]} e5 {[%emt 0:00:00]} 2. Nf3 {[%emt 0:00:00]} Nc6 {[%emt 0:00:06]} 3. Bc4 {[%emt 0:00:00]} Bc5 {[%emt 0:00:20]} 4. c3 {[%emt 0:00:00]} Nf6 {[%emt 0:00:22]} 5. d3 {[%emt 0:00:06]} d6 {[%emt 0:00:23]} 6. Bb3 {[%emt 0:00:26]} a6 {[%emt 0:01:40]} 7. h3 {[%emt 0:00:22]} h6 {[%emt 0:00:25]} 8. Nbd2 {[%emt 0:00:28]} Ba7 {[%emt 0:01:34]} 9. Nf1 {[%emt 0:01:03]} Be6 {[%emt 0:01:45]} 10. Bc2 {[%emt 0:01:49]} O-O {[%emt 0:01:20]} 11. g4 {[%emt 0:02:26]} d5 {[%emt 0:01:58]} 12. Qe2 {[%emt 0:04:00]} dxe4 {[%emt 0:18:11]} 13. dxe4 {[%emt 0:00:14]} b5 {[%emt 0:02:53]} 14. Bb3 {[%emt 0:03:46]} Nd7 {[%emt 0:04:10]} 15. g5 {[%emt 0:08:08]} (15. Be3 $11 {remains equal.}) 15... Bxb3 {[%emt 0:10:50]} 16. axb3 {[%emt 0:00:19]} Nc5 {[%emt 0:00:08]} 17. gxh6 $2 {[%emt 0:05:04]} (17. Ng3 $17 {is more resistant.}) 17... Nd3+ {[%emt 0:01:42]} 18. Kd1 {[%emt 0:03:19]} Nxf2+ {[%emt 0:01:02]} (18... Nf4+ $142 19. Qd2 Qf6 20. h7+ Kxh7) 19. Kc2 {[%emt 0:02:30]} Nxh1 {[%emt 0:01:17]} 20. Qg2 {[%emt 0:09:32]} g6 {[%emt 0:03:12]} 21. Qxh1 {[%emt 0:04:05]} Qd6 {[%emt 0:03:50]} 22. Ne3 {[%emt 0:08:52]} Ne7 {[%emt 0:11:07]} 23. Qg2 {[%emt 0:04:54]} Rad8 {[%emt 0:01:19]} 24. Qe2 {[%emt 0:00:22]} f5 {[%emt 0:06:18]} 25. exf5 $2 {[%emt 0:04:14]} (25. Ng5) 25... e4 {[%emt 0:00:48]} 26. Nh4 {[%emt 0:10:13]} Qd3+ {[%emt 0:00:43]} 27. Qxd3 {[%emt 0:00:06]} exd3+ {[%emt 0:00:05]} 28. Kd2 {[%emt 0:00:14]} Bxe3+ {[%emt 0:01:17]} 29. Kxe3 {[%emt 0:02:08]} g5 {[%emt 0:00:15]} 30. Nf3 {[%emt 0:03:15]} Nxf5+ $19 {[%emt 0:00:25]} 31. Kd2 {[%emt 0:00:39]} Rd6 {[%emt 0:07:12]} 32. Nxg5 {[%emt 0:01:03]} Ng3 {[%emt 0:00:31]} 0-1